| 000 -ლიდერი |
| ფიქსირებული სიგრძის საკონტროლო ველი |
02465nam a2200325Ia 4500 |
| 001 - საკონტროლო ნომერი |
| საკონტროლო ველი |
16145 |
| 003 - საკონტროლო ნომრის იდენტიფიკატორი |
| საკონტროლო ველი |
GE_BSU |
| 005 - ბოლო ოპერაციის თარიღი და დრო |
| საკონტროლო ველი |
20241206162613.0 |
| 008 - ფიქსირებული სიგრძის მონაცემთა ელემენტები - ზოგადი ინფორმაცია |
| ფიქსირებული სიგრძის საკონტროლო ველი |
181216s2015||||ge |||||||||||||| ||geo|| |
| 020 ## - წიგნის საერთაშორისო სტანდარტული ნომერი |
| International Standard Book Number |
9789941240010 |
| 040 ## - კატალოგიზაციის წყარო |
| Transcribing agency |
GE_BSU |
| 041 ## - ენის კოდი |
| Language code of text/sound track or separate title |
geo |
| 080 ## - უნივერსალური ათობითი კლასიფიკაციის ინდექსი |
| Universal Decimal Classification number |
27-36 მ-58 |
| 245 ## - ცნობა სათაურის შესახებ |
| Statement of responsibility, etc |
მესვეტენი : |
| Title |
წმინდა სვიმეონ მესვეტე (უფროსი), წმინდა დანიელი, წმინდა სვიმეონ მესვეტე (უმცროსი), წმინდა ნიკიტა მესვეტე, წმინდა ალვიპი მესვეტე, წმინდა ლუკა მესვეტე / |
| Remainder of title |
შემდგენელი კახაბერ კენკიშვილი ; გარეკანის დიზაინი ეთერ გზირიშვილი. |
| 264 ## - წარმოების, გამოცემის, დისტრიბუციის და სხვა ცნობები |
| გამოცემის, წარმოების, დისტრიბუციის... ადგილი |
თბილისი : |
| გამოცემის, წარმოების, დისტრიბუციის... სახელწოდება |
პალიტრა L, |
| გამოცემის, წარმოების, დისტრიბუციის... თარიღი |
2015. |
| 300 ## - ფიზიკური აღწერა |
| Extent |
152 გვ. : |
| Other physical details |
ილ. ; |
| Dimensions |
20 სმ. |
| 490 ## - სერიის ცნობა |
| Series statement |
საქართველოს იმედი II : ყველა წმინდანი, რომელთა შესახებაც უნდა იცოდე / პროექტის რედაქტორი თამარ მამაცაშვილი ; |
| Volume number/sequential designation |
წიგნი 23 |
| 500 ## - ზოგადი შენიშვნა |
| General note |
იბეჭდება სრულიად საქართველოს კათოლიკოს-პატრიარქის, უწმინდესისა და უნეტარესის ილია II-ის ლოცვა-კურთხევით |
| 504 ## - BIBLIOGRAPHY, ETC. NOTE |
| Bibliography, etc |
ბიბლიოგრაფია : გვ. 48 |
| 653 ## - INDEX TERM--UNCONTROLLED |
| Uncontrolled term |
მესვეტენი |
| 653 ## - INDEX TERM--UNCONTROLLED |
| Uncontrolled term |
წმინდა სვიმეონ მესვეტე(უფროსი) წმინდა დანიელი |
| 653 ## - INDEX TERM--UNCONTROLLED |
| Uncontrolled term |
წმინდა სვიმეონ მესვეტე (უმცროსი) |
| 653 ## - INDEX TERM--UNCONTROLLED |
| Uncontrolled term |
წმინდა ალგიპი მესვეტე |
| 653 ## - INDEX TERM--UNCONTROLLED |
| Uncontrolled term |
წმინდა ლუკა მესვეტე |
| 653 ## - INDEX TERM--UNCONTROLLED |
| Uncontrolled term |
რელიგია |
| 700 ## - ADDED ENTRY--PERSONAL NAME |
| Personal name |
კენკიშვილი, კახაბერ |
| Relator term |
შემდგენელი |
| 9 (RLIN) |
23895 |
| 700 ## - ADDED ENTRY--PERSONAL NAME |
| Personal name |
გზირიშვილი, ეთერ |
| Relator term |
გარეკანის დიზაინი |
| 9 (RLIN) |
23896 |
| 942 ## - ADDED ENTRY ELEMENTS (KOHA) |
| Koha item type |
წიგნი |
| Source of classification or shelving scheme |
|